000 00264nam a2200121 a 4500
005 20140414132012.0
008 110309s19uu xx 00 eng d
050 _aVCD
_bP93
245 _aPrince of Egypt.
650 _aMoises
650 _aEgypt
999 _c113292
_d113292